000 00166nam a2200073Ia 4500
008 170617s9999 xx 000 0 und d
100 _aLewis & Daee
245 0 _aPractical Haematology
260 _bTMH
999 _c14932
_d14932